Cholistani Lok Kahanian / (Record no. 526259)

000 -LEADER
fixed length control field 00537nam a22001817a 4500
003 - CONTROL NUMBER IDENTIFIER
control field NUST
020 ## - INTERNATIONAL STANDARD BOOK NUMBER
International Standard Book Number 978-969-534-169-8
Qualifying information HBK
038 ## - RECORD CONTENT LICENSOR
Staff Name Faiza
082 ## - DEWEY DECIMAL CLASSIFICATION NUMBER
Classification number 891.4393
Author Mark GHA
100 ## - MAIN ENTRY--PERSONAL NAME
Personal name Ghazali, Ahmad
9 (RLIN) 17224
245 ## - TITLE STATEMENT
Title Cholistani Lok Kahanian /
Statement of responsibility, etc. Ahmad Ghazali
260 ## - PUBLICATION, DISTRIBUTION, ETC.
Place of publication, distribution, etc. Lahore :
Name of publisher, distributor, etc. Beacon Books,
Date of publication, distribution, etc. 2009.
300 ## - PHYSICAL DESCRIPTION
Extent 224 p. ;
880 ## - ALTERNATE GRAPHIC REPRESENTATION
Linkage 100-01\r
Title احمد غزالی
880 ## - ALTERNATE GRAPHIC REPRESENTATION
Linkage 245-02\r
Title چولستان لوک کہانیاں /
880 ## - ALTERNATE GRAPHIC REPRESENTATION
Linkage 260-03\r
Title لاہور :
b بیکن بُکس,
c ۲۰۰۹.
942 ## - ADDED ENTRY ELEMENTS (KOHA)
Source of classification or shelving scheme
Koha item type Book
Holdings
Withdrawn status Lost status Source of classification or shelving scheme Damaged status Not for loan Permanent Location Current Location Date acquired Total Checkouts Full call number Barcode Date last seen Price effective from Koha item type
          Central Library (CL) Central Library (CL) 07/10/2019   901.4393 GHA CL-E-659 01/15/2025 07/10/2019 Book
© 2023 Central Library, National University of Sciences and Technology. All Rights Reserved.